Боевое донесение № 0056/оп штаба Брянского фронта в Ставку Верховного Главнокомандования о боевом положении частей фронта

RUSMARC
00004560cbm0a2200289#x 450
00184cf562b-d389-405f-b012-5c58aad6564e
00520230407093930.0
100##$a20230406j19420629k###0rusy50 ca
1010#$arus
102##$aRU
1220#$ad19420629##
2001#$aБоевое донесение № 0056/оп штаба Брянского фронта в Ставку Верховного Главнокомандования о боевом положении частей фронта
$j29 июня 1942 г.
251##$cДокумент
300##$aЗаверенная копия
461#0$12001
$aФ. 202
$1251
$cФонд
$1852
$j202
462#0$12001
$aОп. 5
$1251
$cОпись
$1852
$j5
462#0$12001
$aД. 306
$vЛ. 6-7
$1251
$cДело
$1852
$j306
60101$2prlib_sh
$3LIBNET\UAF\0000106856
$aБрянский фронт
$c2; 1941-1943
$jДокументы и материалы
605##$2prlib_sh
$3LIBNET\UAF\0000088514
$aВторая мировая война в архивных документах (Комплекс оцифрованных архивных документов, кино- и фотоматериалов)
$lколлекция
6061#$2nlr_sh
$3RU\NLR\AUTH\661398676
$aВеликая Отечественная война
$z1941 - 1945
$xПервый период
$jДокументы и материалы
6061#$2nlr_sh
$3RU\NLR\AUTH\66263340
$aВоронежско-Ворошиловградская оборонительная операция
$z1942
$jДокументы и материалы
686##$a63.3(2)622,11ю11
$vLBC/M
$2rubbk
801#0$aRU
$bПБ им. Б.Н. Ельцина
$c20230406
801#1$aRU
$bПБ им. Б.Н. Ельцина
$c20230406
$2rusmarc
801#2$aRU
$bПБ им. Б.Н. Ельцина
$c20230407
$2rusmarc
850##$aЦентральный архив Министерства обороны Российской Федерации
852##$aЦА МО РФ
$jЛ. 6-7
035##$aLIBNET\0001321176
937##$d184532536
$hФедеральное архивное агентство
8564#$uhttp://readingroom.main.prlib.ru/item.aspx?id_node=n184532536&mode=full
Формат отображения